Statistiques concernant Films de Stanley Kubrick par image

Cliquez ici pour prendre le quiz!

Statistiques générales

  • Ce quiz a été pris 219 fois
    (99 depuis la dernière actualisation)
  • Le résultat moyen est 7 sur 12

Statistiques - réponses

Réponse% Correct
Shining
100%
Orange mécanique
90%
2001 : L'Odyssée de l'espace
87%
Full Metal Jacket
84%
Eyes Wide Shut
64%
Lolita
52%
Docteur Folamour
50%
Les Sentiers de la gloire
50%
Spartacus
50%
Barry Lyndon
49%
L'Ultime Razzia
19%
Le Baiser du tueur
16%

Distribution des résultats

Percentile par nombre de réponses

% des personnes avec chaque résultat

Votre développement - résultats

Vous n’avez pas pris ce quiz depuis la dernière actualisation